Baníctvo, geológia a životné prostredia v Európskej únii [zborník prednášok z medzinárodnej konferencie], hotel Repiská, [Demänovská dolina], 13.-14. október 2005

Bibliographic Details
Other Authors: Beránek, Mikuláš, 1933- (Compiler)
Format: Book
Language:Slovak
Czech
English
Polish
PhysicalDescription:268 s. mp., sch., tab. 21 cm
Published: [Banská Bystrica] Slovenská banícka spoločnosť 2005
ISBN:8096914421 (brož.)
Edition:[1. vyd.]
Subjects:

MARC

LEADER 00000nam a2200000 a 4500
001 vtls008408662
003 SK-MaSNL
005 20260316143722.0
008 160610s2005 xo bl f a 100 0 slo
015 |a SNBA2005/12-05613 
020 |a 8096914421 (brož.) 
035 |a E8307846-15EB-46AE-A3D3-8552701EA814 
035 |a urn:nbn:sk:snk-amldxo 
035 |a urn:nbn:sk:snk-am008zm9 
040 |a SNK  |b slo  |c SNK  |e AACR2 
041 0 |a slo  |a cze  |a eng  |a pol  |b slo  |b eng  |b pol 
043 |a e------ 
044 |a xo  |c SK 
072 7 |a 330.5+338  |x Národné hospodárstvo a hospodárska politika  |2 konspekt 
072 7 |a 502  |x Životné prostredie a jeho ochrana  |2 konspekt 
080 |a 55  |2 MDT-MRF 
080 |a 502/504  |2 MDT-MRF 
080 |a (4)  |2 MDT-MRF 
080 |a (063)  |2 MDT-MRF 
080 |a 338.45.02  |2 MDT-MRF 
080 |a 622  |2 MDT-MRF 
245 0 0 |a Baníctvo, geológia a životné prostredia v Európskej únii  |b [zborník prednášok z medzinárodnej konferencie], hotel Repiská, [Demänovská dolina], 13.-14. október 2005  |c [zostavil Mikuláš Beránek] 
246 3 1 |a Mining, Geology and Environment in the European Union 
250 |a [1. vyd.] 
260 |a [Banská Bystrica]  |b Slovenská banícka spoločnosť  |c 2005 
300 |a 268 s.  |b mp., sch., tab.  |c 21 cm 
500 |a Čiast. text. čes., angl. a poľ. 
504 |a Bibliogr. odkazy 
546 |a Res. slov., angl. a poľ. 
650 0 7 |a baníctvo  |z krajiny Európskej únie  |2 SNKPH  |9 400131 
650 0 7 |a geológia  |z krajiny Európskej únie  |2 SNKPH  |9 400132 
650 0 7 |a životné prostredie  |z krajiny Európskej únie  |2 SNKPH  |9 304133 
650 0 7 |a priemyselná politika  |2 SNKPH  |9 28614 
655 7 |a zborníky konferencií  |2 SNKPH  |9 70153 
700 1 |a Beránek, Mikuláš,  |d 1933-  |4 com  |9 1634864 
919 |a 80-969144-2-1 
958 |a OND 
968 |d 62 
999 |c 650962  |d 652892 
952 |a SNK  |b SNK  |y PREZ  |7 0  |p 17A0487976  |o snkSC 121696  |i snk2005/19021  |8 0  |0 0  |1 0  |4 0  |d 2005-11-09  |f 1  |l 0  |r 2025-06-02 00:00:00  |w 2026-02-23 
952 |a SNK  |b SNK  |y VYP  |7 0  |p 17A0487975  |o snkSC 121696 D1  |i snk2005/19022  |8 0  |0 0  |1 0  |4 0  |d 2005-11-09  |l 0  |r 2026-02-23 18:22:05  |w 2026-02-23